| 000 | 00930cam a2200277 a 4500 | ||
|---|---|---|---|
| 001 | 1394 | ||
| 005 | 20230823104954.0 | ||
| 008 | 071017s2008 nyua a 000 1 eng | ||
| 020 | _a9780545290371 | ||
| 040 |
_aDLC _cDLC _dDLC _beng |
||
| 050 | 0 | 0 |
_aPZ7.M315615 _bKi 2008 |
| 082 | 0 | 0 |
_a[E] _222 |
| 100 | 1 | _aManning, Maurie. | |
| 245 | 1 | 0 |
_aKitchen dance / _cby Maurie J. Manning. |
| 260 |
_aNew York : _bScholastic, _c2008. |
||
| 300 |
_a30 unnumbered pages : _bcolor illustrations ; _c24 cm. |
||
| 505 | _aK | ||
| 520 | _aTwo sleepy children sneak out of their beds to watch as their parents, who love each other very much, break into a dance while washing the dishes. | ||
| 521 |
_a570
_bLexile AD |
||
| 521 |
_aK
_bRaz-Plus |
||
| 650 | 1 |
_aBedtime _vFiction. |
|
| 650 | 1 |
_aFamily life _vFiction. |
|
| 650 | 1 |
_aHispanic Americans _vFiction. |
|
| 906 |
_a7 _bcbc _corignew _d1 _eecip _f20 _gy-gencatlg |
||
| 942 |
_2ddc _cBK _n0 |
||
| 999 |
_c1394 _d1394 |
||